[Event "First Saturday 2012 may FM-A"]
[Site "Budapest"]
[Date "2012.05.11"]
[Round "7"]
[White "Farkas, Richard"]
[Black "Kozak, Adam"]
[Result "0-1"]
[WhiteElo "2112"]
[BlackElo "2001"]
[PlyCount "76"]
[EventDate "2012.05.05"]

1. e4 c5 2. Nf3 d6 3. c3 Nf6 4. Be2 Nbd7 5. d3 g6 6. O-O Bg7 7. h3 O-O 8. a3 b6
9. b4 Bb7 10. Be3 Rc8 11. Nbd2 Qc7 12. Rc1 d5 13. exd5 Nxd5 14. d4 e5 15. bxc5
bxc5 16. Nb3 Rfd8 17. Bg5 f6 18. Bh4 Bh6 19. Nfd2 Nf4 20. Bc4+ Kg7 21. f3 cxd4
22. cxd4 exd4 23. Bd5 Qb8 24. Rxc8 Bxc8 25. Be4 Ne5 26. Bf2 Qb6 27. Qa1 Be6 28.
Rb1 Ne2+ 29. Kh1 Be3 30. Nc1 Qa6 31. Bb7 Qa5 32. Ndb3 Bxb3 33. Nxb3 Qc7 34.
Bxe3 dxe3 35. Be4 Ng3+ 36. Kg1 Nxe4 37. fxe4 Qc2 38. Qb2 Rd1+ 0-1

[Event "First Saturday 2012 may FM-A"]
[Site "Budapest"]
[Date "2012.05.11"]
[Round "7"]
[White "Darazs, Zoltan"]
[Black "Havaskori, Laszlo"]
[Result "1/2-1/2"]
[WhiteElo "2136"]
[BlackElo "1944"]
[PlyCount "30"]
[EventDate "2012.05.05"]

1. e4 e5 2. Nf3 Nc6 3. Bb5 a6 4. Ba4 Nf6 5. O-O Be7 6. Re1 b5 7. Bb3 O-O 8. c3
d5 9. exd5 Nxd5 10. Nxe5 Nxe5 11. Rxe5 c6 12. d4 Bd6 13. Re1 Qh4 14. g3 Qh3 15.
Re4 g5 1/2-1/2

[Event "First Saturday 2012 may FM-A"]
[Site "Budapest"]
[Date "2012.05.11"]
[Round "7"]
[White "Koczo, Kristof"]
[Black "Borda, Lajos"]
[Result "1-0"]
[WhiteElo "2126"]
[BlackElo "2115"]
[PlyCount "67"]
[EventDate "2012.05.05"]

1. d4 Nf6 2. c4 e5 3. dxe5 Ng4 4. Bf4 Nc6 5. Nf3 Bb4+ 6. Nbd2 Qe7 7. e3 Ngxe5
8. Nxe5 Nxe5 9. Be2 a5 10. O-O d6 11. Rc1 a4 12. a3 Bxd2 13. Qxd2 Nd7 14. Rfd1
Nc5 15. Qd5 Bd7 16. Bh5 Ra5 17. Bg5 Qe6 18. e4 Nb3 19. Rc3 O-O 20. c5 Rxc5 21.
Rxc5 Nxc5 22. e5 Bc6 23. Qxe6 Nxe6 24. Be7 Re8 25. exd6 cxd6 26. Bxd6 g6 27.
Be2 Ng7 28. Bc4 Rd8 29. Rd2 Nf5 30. Bb4 Rxd2 31. Bxd2 Nh4 32. Bf1 h5 33. f3
Bxf3 34. Bg5 1-0

[Event "First Saturday 2012 may FM-A"]
[Site "Budapest"]
[Date "2012.05.11"]
[Round "7"]
[White "Kis, Bela"]
[Black "Juracsik, Jozsef"]
[Result "1/2-1/2"]
[WhiteElo "2051"]
[BlackElo "2134"]
[PlyCount "49"]
[EventDate "2012.05.05"]

1. e4 c5 2. Nf3 d6 3. Nc3 Nf6 4. Bb5+ Bd7 5. Bxd7+ Qxd7 6. b3 e5 7. d3 h6 8.
O-O g6 9. Bb2 Bg7 10. Ne2 O-O 11. c4 Ne8 12. Ne1 f5 13. Nc3 f4 14. h3 Nc6 15.
Nd5 Nf6 16. Nc2 Nh5 17. Qg4 Qf7 18. Ne1 Kh7 19. Nf3 Rad8 20. Nh2 Ne7 21. Nc7
Nf6 22. Qe6 Nc6 23. Qxf7 Rxf7 24. Nd5 Nxd5 25. cxd5 {after 43 move} 1/2-1/2

[Event "First Saturday 2012 may FM-A"]
[Site "Budapest"]
[Date "2012.05.11"]
[Round "7"]
[White "Nazarenus, Olaf"]
[Black "Jamalia, Natalie"]
[Result "0-1"]
[WhiteElo "2073"]
[BlackElo "1932"]
[PlyCount "69"]
[EventDate "2012.05.05"]

1. f4 d5 2. c4 c6 3. Nf3 Nf6 4. b3 e6 5. Bb2 Nbd7 6. g3 Qb6 7. Qc2 Bb4 8. a3
Be7 9. e3 O-O 10. Nc3 c5 11. Bg2 Rd8 12. O-O a6 13. g4 Nf8 14. g5 Ne8 15. d4
cxd4 16. exd4 dxc4 17. bxc4 Qc7 18. Ne5 Nd6 19. Ne4 Nf5 20. Qd2 Rb8 21. Rac1
Ng6 22. d5 Bc5+ 23. Nxc5 Qxc5+ 24. Rf2 Nge7 25. Nd3 Qa7 26. Be5 Ra8 27. Qc3
exd5 28. cxd5 Bd7 29. Bc7 Rdc8 30. Qe5 Ng6 31. Qb2 Bb5 32. d6 Nxd6 33. Bxd6
Bxd3 34. Rxc8+ Rxc8 35. Be5 0-1

[Event "First Saturday 2012 may FM-A"]
[Site "Budapest"]
[Date "2012.05.12"]
[Round "8"]
[White "Borda, Lajos"]
[Black "Kis, Bela"]
[Result "0-1"]
[WhiteElo "2115"]
[BlackElo "2051"]
[PlyCount "48"]
[EventDate "2012.05.05"]

1. e4 d6 2. d4 Nf6 3. Nc3 g6 4. Nf3 Bg7 5. h3 O-O 6. g4 Na6 7. Bg2 c5 8. Be3
cxd4 9. Nxd4 Nc5 10. Nb3 Nfd7 11. Qd2 Rb8 12. Rd1 b6 13. O-O Ba6 14. Rfe1 Ne5
15. Bd4 Nc4 16. Qc1 Bxd4 17. Rxd4 e5 18. Rdd1 Ne6 19. Ne2 Qh4 20. f4 h5 21.
gxh5 exf4 22. Nbd4 Ne5 23. c4 Bxc4 24. Nxe6 fxe6 0-1

[Event "First Saturday 2012 may FM-A"]
[Site "Budapest"]
[Date "2012.05.12"]
[Round "8"]
[White "Bodrogi, Laszlo"]
[Black "Farkas, Richard"]
[Result "0-1"]
[WhiteElo "2012"]
[BlackElo "2112"]
[PlyCount "70"]
[EventDate "2012.05.05"]

1. d4 f5 2. e4 fxe4 3. Nc3 Nf6 4. f3 d5 5. fxe4 dxe4 6. Bg5 Bf5 7. Bc4 Nc6 8.
Nge2 e6 9. d5 exd5 10. Bxd5 Qe7 11. Nd4 Nxd4 12. Qxd4 c6 13. Bb3 Rd8 14. Qc4
Bg6 15. O-O Qc5+ 16. Qxc5 Bxc5+ 17. Kh1 Bd4 18. Nd1 h6 19. Bh4 Rd7 20. Bf2 Bf7
21. Bxd4 Rxd4 22. Ne3 O-O 23. Nf5 Rd2 24. Bxf7+ Kxf7 25. h3 Rfd8 26. c4 g6 27.
Ne3 Ke6 28. Kg1 b6 29. Rf2 Ke5 30. Raf1 Rxf2 31. Rxf2 Rd3 32. Re2 Kd4 33. Nf1
e3 34. b3 Ne4 35. g4 Rd1 0-1

[Event "First Saturday 2012 may FM-A"]
[Site "Budapest"]
[Date "2012.05.13"]
[Round "9"]
[White "Darazs, Zoltan"]
[Black "Bodrogi, Laszlo"]
[Result "1/2-1/2"]
[WhiteElo "2136"]
[BlackElo "2012"]
[PlyCount "94"]
[EventDate "2012.05.05"]

1. e4 e6 2. d4 d5 3. Nc3 Bb4 4. e5 Ne7 5. a3 Bxc3+ 6. bxc3 c5 7. Qg4 cxd4 8.
Qxg7 Rg8 9. Qxh7 Qc7 10. Ne2 dxc3 11. f4 Nbc6 12. Qd3 Bd7 13. Nxc3 Nf5 14. g4
Rxg4 15. Bh3 Nxe5 16. fxe5 Qxe5+ 17. Ne2 Rd4 18. Qf3 Re4 19. Bxf5 exf5 20. Rb1
O-O-O 21. Kd1 Bc6 22. Bf4 Qe6 23. Re1 d4 24. Qb3 Bd5 25. Qb4 Re8 26. Qc5+ Bc6
27. Qxa7 Rxf4 28. Qa8+ Kd7 29. Rxb7+ Kd6 30. Qa6 Re4 31. Rb6 Qd5 32. Kc1 Kc7
33. Rb4 Ra8 34. Qd3 Qa5 35. Qg3+ f4 36. Nxf4 Qxa3+ 37. Qxa3 Rxe1+ 38. Kd2 Rxa3
39. Kxe1 Rc3 40. Kd2 Rf3 41. Rxd4 Rf2+ 42. Kc3 Rxh2 43. Nd5+ Bxd5 44. Rxd5 Rf2
45. Kb3 Kc6 46. Rd8 Kc5 47. Kc3 Kc6 1/2-1/2

[Event "First Saturday 2012 may FM-A"]
[Site "Budapest"]
[Date "2012.05.13"]
[Round "9"]
[White "Koczo, Kristof"]
[Black "Kozak, Adam"]
[Result "1-0"]
[WhiteElo "2126"]
[BlackElo "2001"]
[PlyCount "59"]
[EventDate "2012.05.05"]

1. d4 d5 2. c4 c6 3. Nf3 Nf6 4. Nc3 e6 5. Bg5 dxc4 6. e4 b5 7. e5 h6 8. Bh4 g5
9. Nxg5 hxg5 10. Bxg5 Nbd7 11. exf6 Qb6 12. g3 Bb7 13. Bg2 O-O-O 14. O-O c5 15.
d5 b4 16. Na4 Qa6 17. a3 Bxd5 18. Bxd5 Ne5 19. Nxc5 Bxc5 20. axb4 Qb5 21. bxc5
Rxd5 22. Qe2 Qxc5 23. Be3 Qc6 24. f4 Nd3 25. Rxa7 Rdh5 26. Rfa1 Rxh2 27. Qxh2
Rxh2 28. Ra8+ Kc7 29. R1a7+ Qb7 30. Kxh2 1-0

[Event "First Saturday 2012 may FM-A"]
[Site "Budapest"]
[Date "2012.05.13"]
[Round "9"]
[White "Kis, Bela"]
[Black "Havaskori, Laszlo"]
[Result "1-0"]
[WhiteElo "2051"]
[BlackElo "1944"]
[PlyCount "47"]
[EventDate "2012.05.05"]

1. e4 g6 2. d4 Bg7 3. Nf3 Nf6 4. e5 Nd5 5. c4 Nb6 6. c5 Nd5 7. Bc4 c6 8. Qb3
O-O 9. Bg5 Nc7 10. Nc3 Ne6 11. O-O-O Nxg5 12. Nxg5 e6 13. f4 b5 14. Be2 a5 15.
Nce4 b4 16. h4 f6 17. exf6 Rxf6 18. Nxf6+ Qxf6 19. g3 Ba6 20. Bg4 h5 21. Bh3
Bb5 22. Rhe1 Na6 23. Bxe6+ dxe6 24. Rxe6 1-0

[Event "First Saturday 2012 may FM-A"]
[Site "Budapest"]
[Date "2012.05.13"]
[Round "9"]
[White "Nazarenus, Olaf"]
[Black "Borda, Lajos"]
[Result "1-0"]
[WhiteElo "2073"]
[BlackElo "2115"]
[PlyCount "62"]
[EventDate "2012.05.05"]

1. Nf3 d5 2. b3 Nf6 3. Bb2 c5 4. e3 a6 5. c4 dxc4 6. bxc4 Nc6 7. d4 e6 8. Bd3
Bd6 9. O-O Qc7 10. Nbd2 b6 11. Ne4 Be7 12. d5 Nb4 13. d6 Bxd6 14. Nxf6+ gxf6
15. Bxf6 Rf8 16. Bxh7 Bb7 17. e4 Nc6 18. Qa4 b5 19. cxb5 axb5 20. Qxb5 Ra5 21.
Qb2 c4 22. Rfd1 Nb4 23. Rac1 Rh5 24. Qd4 Bxh2+ 25. Kf1 Nc6 26. Qxc4 Bd6 27. e5
Rh1+ 28. Ke2 Rxd1 29. Rxd1 Be7 30. Be4 Qb6 31. Rb1 Ba6 1-0

[Event "First Saturday 2012 may FM-A"]
[Site "Budapest"]
[Date "2012.05.13"]
[Round "9"]
[White "Jamalia, Natalie"]
[Black "Juracsik, Jozsef"]
[Result "0-1"]
[WhiteElo "1932"]
[BlackElo "2134"]
[PlyCount "50"]
[EventDate "2012.05.05"]

1. e4 c5 2. Nf3 d6 3. d4 cxd4 4. Nxd4 Nf6 5. Nc3 a6 6. Be2 e6 7. Be3 Be7 8. O-O
Qc7 9. Kh1 b5 10. a3 Bb7 11. f3 O-O 12. Qe1 Nc6 13. Nxc6 Bxc6 14. Bd3 Qb7 15.
Qg3 a5 16. Bh6 Ne8 17. Bg5 Bxg5 18. Qxg5 h6 19. Qe3 b4 20. axb4 Qxb4 21. Rfe1
Nf6 22. e5 dxe5 23. Qxe5 a4 24. Bb5 Ra5 25. Bxc6 Rxe5 0-1

[Event "First Saturday 2012 may FM-A"]
[Site "Budapest"]
[Date "2012.05.14"]
[Round "10"]
[White "Borda, Lajos"]
[Black "Jamalia, Natalie"]
[Result "1/2-1/2"]
[WhiteElo "2115"]
[BlackElo "1932"]
[PlyCount "86"]
[EventDate "2012.05.05"]

1. e4 c5 2. Nf3 e6 3. d4 cxd4 4. Nxd4 Nf6 5. Bd3 d6 6. O-O Be7 7. b3 O-O 8. Bb2
Nc6 9. Re1 Ne5 10. Bf1 a6 11. c4 Qc7 12. Nd2 b6 13. Rc1 Bb7 14. a3 Rac8 15. f4
Nc6 16. Nxc6 Bxc6 17. Bd3 e5 18. f5 b5 19. Kh1 Qb7 20. Qe2 Nd7 21. b4 Bg5 22.
Rc2 Bxd2 23. Rxd2 Rfd8 24. cxb5 axb5 25. a4 Nf6 26. axb5 Be8 27. Red1 d5 28.
Bxe5 dxe4 29. Bxf6 gxf6 30. Qg4+ Kh8 31. Bxe4 Qxb5 32. Rxd8 Rxd8 33. h3 Qxb4
34. Rb1 Qd2 35. Bf3 Qc2 36. Qb4 Kg7 37. Be4 Rd1+ 38. Rxd1 Qxd1+ 39. Kh2 Qc1 40.
Bf3 Qc7+ 41. Kg1 Qc1+ 42. Kf2 Qc2+ 43. Kg3 Qxf5 1/2-1/2

[Event "First Saturday 2012 may FM-A"]
[Site "Budapest"]
[Date "2012.05.14"]
[Round "10"]
[White "Havaskori, Laszlo"]
[Black "Nazarenus, Olaf"]
[Result "0-1"]
[WhiteElo "1944"]
[BlackElo "2073"]
[PlyCount "49"]
[EventDate "2012.05.05"]

1. d4 d5 2. Nf3 e6 3. Bf4 Bd6 4. Bg3 Ne7 5. e3 O-O 6. Bd3 Nd7 7. c3 f5 8. Ng5
Nf6 9. Bxd6 Qxd6 10. f4 c5 11. g3 Bd7 12. Nd2 c4 13. Be2 b5 14. Bf3 h6 15. Nh3
Rab8 16. a3 a5 17. O-O b4 18. axb4 axb4 19. Qc2 bxc3 20. bxc3 Rb6 21. Rfb1 Rfb8
22. Nf2 Nc8 23. g4 Rxb1+ 24. Rxb1 Rxb1+ 25. Qxb1 {after 9 move} 0-1

[Event "First Saturday 2012 may FM-A"]
[Site "Budapest"]
[Date "2012.05.14"]
[Round "10"]
[White "Kozak, Adam"]
[Black "Kis, Bela"]
[Result "1-0"]
[WhiteElo "2001"]
[BlackElo "2051"]
[PlyCount "83"]
[EventDate "2012.05.05"]

1. d4 Nf6 2. c4 c5 3. d5 e6 4. Nc3 exd5 5. cxd5 d6 6. Nf3 g6 7. Bf4 Bg7 8. e3
O-O 9. h3 b6 10. Be2 Ba6 11. O-O Bxe2 12. Qxe2 a6 13. a4 Re8 14. Nd2 Qc7 15.
Nc4 Bf8 16. Qf3 Nbd7 17. Rfd1 Nh5 18. Bh2 f5 19. g4 Ng7 20. e4 fxg4 21. hxg4
Rab8 22. e5 b5 23. exd6 Qd8 24. axb5 axb5 25. Na5 Qc8 26. Nc6 Rb7 27. Ra5 Nf6
28. Rxb5 Nxg4 29. Rxb7 Nxh2 30. Rxg7+ Kxg7 31. Kxh2 Bxd6+ 32. Kg2 Rf8 33. Qe2
Re8 34. Qf3 Rf8 35. Qe4 Re8 36. Qh4 Qf5 37. Rh1 h5 38. Rh3 Rf8 39. Ne7 Qg4+ 40.
Qxg4 hxg4 41. Re3 Rf3 42. Nc8 1-0

[Event "First Saturday 2012 may FM-A"]
[Site "Budapest"]
[Date "2012.05.14"]
[Round "10"]
[White "Bodrogi, Laszlo"]
[Black "Koczo, Kristof"]
[Result "0-1"]
[WhiteElo "2012"]
[BlackElo "2126"]
[PlyCount "96"]
[EventDate "2012.05.05"]

1. e4 c5 2. Nf3 d6 3. d4 cxd4 4. Nxd4 Nf6 5. Nc3 a6 6. Bg5 e6 7. f4 h6 8. Bh4
Be7 9. Qf3 Qc7 10. O-O-O Nbd7 11. Bd3 b5 12. Rhe1 Bb7 13. Bg3 O-O-O 14. Qe2 Nc5
15. a3 Kb8 16. Kb1 Ka8 17. Nb3 Nfd7 18. e5 dxe5 19. fxe5 Nxd3 20. Rxd3 Nc5 21.
Nxc5 Bxc5 22. Ne4 Rxd3 23. cxd3 Bxe4 24. Qxe4+ Qb7 25. d4 Qxe4+ 26. Rxe4 Be7
27. Rf4 Rf8 28. Rf3 Kb7 29. Kc2 Kc6 30. Rc3+ Kd7 31. Kd3 Rc8 32. Rxc8 Kxc8 33.
d5 Kd7 34. Kd4 Bg5 35. dxe6+ fxe6 36. h4 Bc1 37. Kc3 h5 38. Kc2 Bh6 39. Kc3 Kc6
40. Kd4 Bc1 41. Kc3 Kd5 42. Kc2 Be3 43. Kd3 Bd4 44. b3 Bxe5 45. Be1 Bd4 46. Bd2
e5 47. Bg5 e4+ 48. Ke2 Bf6 0-1

[Event "First Saturday 2012 may FM-A"]
[Site "Budapest"]
[Date "2012.05.14"]
[Round "10"]
[White "Farkas, Richard"]
[Black "Darazs, Zoltan"]
[Result "1/2-1/2"]
[WhiteElo "2112"]
[BlackElo "2136"]
[PlyCount "90"]
[EventDate "2012.05.05"]

1. e4 c5 2. Nf3 Nc6 3. c3 d5 4. exd5 Qxd5 5. d4 e5 6. dxe5 Qxd1+ 7. Kxd1 Bg4 8.
Bf4 Nge7 9. Bb5 O-O-O+ 10. Kc1 Ng6 11. Bg5 Be7 12. Bxc6 bxc6 13. Bxe7 Nxe7 14.
Ng5 Rd5 15. h3 Be6 16. f4 Ng6 17. Rf1 h6 18. Ne4 Nh4 19. g4 Rd3 20. Rh1 Bd5 21.
Nd6+ Kd7 22. Rh2 Bg2 23. Nf5 Nxf5 24. Rxg2 Ne7 25. Rd2 Rxd2 26. Nxd2 Ng6 27.
Ne4 Nxf4 28. Nxc5+ Kc7 29. Kc2 Nxh3 30. Rf1 Ng5 31. b4 Re8 32. Nd3 Re7 33. a4
Ne6 34. Kb3 Nf8 35. Kc4 Ng6 36. b5 cxb5+ 37. axb5 Nxe5+ 38. Nxe5 Rxe5 39. Rxf7+
Kb6 40. Kd3 Kxb5 41. Rxg7 Rg5 42. Rh7 Rxg4 43. Rxh6 Kc5 44. Rh5+ Kc6 45. Kc2
Rg1 1/2-1/2

[Event "First Saturday 2012 may FM-A"]
[Site "Budapest"]
[Date "2012.05.15"]
[Round "11"]
[White "Koczo, Kristof"]
[Black "Farkas, Richard"]
[Result "1-0"]
[WhiteElo "2126"]
[BlackElo "2112"]
[PlyCount "89"]
[EventDate "2012.05.05"]

1. d4 c5 2. d5 e6 3. c4 exd5 4. cxd5 d6 5. e4 g6 6. Nc3 Bg7 7. Bd3 a6 8. a4 Ne7
9. h4 Qc7 10. h5 Nd7 11. Bg5 Rb8 12. h6 Bxc3+ 13. bxc3 f6 14. Bh4 b5 15. axb5
axb5 16. Nh3 Rf8 17. Nf4 Ne5 18. Ne6 Bxe6 19. dxe6 Qc8 20. Be2 Qxe6 21. Ra6 Nc8
22. f4 Nc4 23. Qd3 Rf7 24. f5 Qe7 25. fxg6 hxg6 26. Bf2 Kf8 27. Bxc5 dxc5 28.
h7 Rxh7 29. Rxh7 Qxh7 30. Qd8+ Kg7 31. Qxf6+ Kh6 32. g4 Qg8 33. Qf4+ Kg7 34.
Qxb8 Qd8 35. Bxc4 Qh4+ 36. Kd1 bxc4 37. Qe5+ Kh7 38. Qf4 Qh1+ 39. Kc2 Qg2+ 40.
Kb1 Qe2 41. Qf7+ Kh8 42. Qf6+ Kg8 43. Qxg6+ Kf8 44. Rf6+ Ke7 45. Rf7+ 1-0

[Event "First Saturday 2012 may FM-A"]
[Site "Budapest"]
[Date "2012.05.15"]
[Round "11"]
[White "Kis, Bela"]
[Black "Bodrogi, Laszlo"]
[Result "1-0"]
[WhiteElo "2051"]
[BlackElo "2012"]
[PlyCount "101"]
[EventDate "2012.05.05"]

1. e4 e6 2. d4 d5 3. exd5 exd5 4. c4 Nf6 5. Nc3 Be7 6. Nf3 O-O 7. Bd3 dxc4 8.
Bxc4 Nc6 9. Be3 Bg4 10. O-O a6 11. Rc1 Qd7 12. a3 Bd6 13. h3 Bh5 14. Be2 Rfe8
15. d5 Ne5 16. Nxe5 Rxe5 17. g4 Bg6 18. Bd4 Qe7 19. Bxe5 Qxe5 20. f4 Qe3+ 21.
Kg2 Be4+ 22. Nxe4 Qxe4+ 23. Rf3 Nxd5 24. Kf2 Bxf4 25. Rc4 Be3+ 26. Kf1 Qe6 27.
Rf5 c6 28. Qd3 Re8 29. Bf3 Bb6 30. Re4 Qc8 31. Rxe8+ Qxe8 32. Bxd5 cxd5 33.
Qxd5 g6 34. Re5 Qc8 35. Re2 h5 36. Qb3 Qc6 37. Rd2 Qh1+ 38. Ke2 Qg2+ 39. Kd1
Qg1+ 40. Kc2 hxg4 41. hxg4 Ba5 42. Rd7 Qf2+ 43. Kb1 b5 44. Rd6 Bb6 45. Rxg6+
Kh7 46. Rg5 Be3 47. Rf5 Qg1+ 48. Ka2 Qxg4 49. Qxf7+ Qg7 50. Qh5+ Kg8 51. Qe8+
1-0

[Event "First Saturday 2012 may FM-A"]
[Site "Budapest"]
[Date "2012.05.15"]
[Round "11"]
[White "Nazarenus, Olaf"]
[Black "Kozak, Adam"]
[Result "0-1"]
[WhiteElo "2073"]
[BlackElo "2001"]
[PlyCount "76"]
[EventDate "2012.05.05"]

1. Nf3 d5 2. b3 Nf6 3. Bb2 c6 4. c4 Bf5 5. d3 e6 6. g3 Nbd7 7. Bg2 Bd6 8. O-O
O-O 9. Nh4 Bg4 10. h3 Bh5 11. Qc2 Bc7 12. e4 dxc4 13. bxc4 e5 14. c5 b6 15.
cxb6 Bxb6 16. g4 Bg6 17. Nxg6 hxg6 18. Qxc6 Nc5 19. Rd1 Rc8 20. Qb5 Nfxe4 21.
Bxe4 Nxe4 22. Qxe5 Nf6 23. Qe2 Re8 24. Qd2 Qd5 25. Bxf6 gxf6 26. Nc3 Qf3 27.
Ne4 Bd4 28. Rac1 Rxc1 29. Rxc1 Qxh3 30. Qd1 Kg7 31. g5 f5 32. Qa4 Rxe4 33. dxe4
Qg3+ 34. Kh1 Qf3+ 35. Kh2 Qxf2+ 36. Kh1 Qf3+ 37. Kh2 Be5+ 38. Kg1 Qe3+ 0-1

[Event "First Saturday 2012 may FM-A"]
[Site "Budapest"]
[Date "2012.05.15"]
[Round "11"]
[White "Jamalia, Natalie"]
[Black "Havaskori, Laszlo"]
[Result "1/2-1/2"]
[WhiteElo "1932"]
[BlackElo "1944"]
[PlyCount "70"]
[EventDate "2012.05.05"]

1. e4 e5 2. Nf3 Nc6 3. Bb5 d6 4. c3 Nf6 5. Qe2 Be7 6. O-O O-O 7. d3 Bg4 8. Be3
d5 9. Nbd2 d4 10. cxd4 Nxd4 11. Bxd4 exd4 12. e5 Nd5 13. Qe4 f5 14. exf6 Nxf6
15. Bc4+ Kh8 16. Qxb7 Rb8 17. Qxa7 Rxb2 18. Rab1 Rxb1 19. Rxb1 Nd7 20. Qxd4 h5
21. h3 Bc5 22. Qd5 Rf5 23. Qb7 Rf8 24. hxg4 hxg4 25. Qd5 g6 26. d4 gxf3 27.
Nxf3 Bd6 28. Qe6 Rf6 29. Qh3+ Kg7 30. Ng5 Nf8 31. Re1 Rf5 32. Ne4 Rh5 33. Qg4
Bh2+ 34. Kf1 Rh4 35. Qe2 Bd6 1/2-1/2

[Event "First Saturday 2012 may FM-A"]
[Site "Budapest"]
[Date "2012.05.15"]
[Round "11"]
[White "Juracsik, Jozsef"]
[Black "Borda, Lajos"]
[Result "1/2-1/2"]
[WhiteElo "2134"]
[BlackElo "2115"]
[PlyCount "106"]
[EventDate "2012.05.05"]

1. e4 c5 2. Nf3 a6 3. c4 d6 4. d4 Qc7 5. Nc3 e6 6. d5 e5 7. h3 Be7 8. Bd3 Nd7
9. O-O Nf8 10. a3 Ng6 11. Re1 Nf6 12. Bf1 h5 13. b4 b6 14. Rb1 Bd7 15. Bd2 O-O
16. Qc2 h4 17. bxc5 bxc5 18. Rb2 Nh5 19. Reb1 Ra7 20. Na4 Nhf4 21. Nb6 Be8 22.
Kh2 Bd8 23. g3 hxg3+ 24. fxg3 Nh5 25. Be2 Nf6 26. Ng5 Nd7 27. Na4 Nf6 28. Kg2
Nh7 29. Nxh7 Kxh7 30. Nb6 Ne7 31. Bg4 Rh8 32. Na8 Rxa8 33. Rb7 Qxb7 34. Rxb7
Ng8 35. h4 Nf6 36. Bh3 g6 37. Qd3 Kg7 38. Qf3 Ba4 39. Be6 Rf8 40. Qe2 Ng8 41.
Kh3 Bf6 42. Qe1 Rab8 43. Rxb8 Rxb8 44. Bg4 Bd8 45. Qc1 Bc7 46. h5 gxh5 47. Bxh5
Bd7+ 48. Kg2 Bd8 49. g4 Be8 50. g5 Ne7 51. Bg4 Ng6 52. Bf5 Rb7 53. Kf2 Rb8
1/2-1/2